he new public library : design innovation for the twenty-first century / (Record no. 5680)

MARC details
000 -LEADER
fixed length control field 00596nam a2200193 ar4500
001 - CONTROL NUMBER
control field 5683
005 - DATE AND TIME OF LATEST TRANSACTION
control field 20221127091200.0
008 - FIXED-LENGTH DATA ELEMENTS--GENERAL INFORMATION
fixed length control field 110222s ||| 00010|eng d
020 ## - INTERNATIONAL STANDARD BOOK NUMBER
International Standard Book Number 9781138326705 (hpk)
Canceled/invalid ISBN SR385
082 04 - DEWEY DECIMAL CLASSIFICATION NUMBER
Classification number 727.8 H651 2018
100 1# - MAIN ENTRY--PERSONAL NAME
Personal name Hille, R. Thomas,
245 10 - TITLE STATEMENT
Title he new public library : design innovation for the twenty-first century /
Statement of responsibility, etc. Thomas R. Hille,
250 ## - EDITION STATEMENT
Edition statement 1st.ed.
260 ## - PUBLICATION, DISTRIBUTION, ETC.
Place of publication, distribution, etc. New York,
Name of publisher, distributor, etc. Routledge,
Date of publication, distribution, etc. 2018
300 ## - PHYSICAL DESCRIPTION
Extent 456 p.
Other physical details ill.col.
Dimensions 29 cm.
500 ## - GENERAL NOTE
General note Include bib.references and index
650 #4 - SUBJECT ADDED ENTRY--TOPICAL TERM
Topical term or geographic name entry element Public libraries
650 #4 - SUBJECT ADDED ENTRY--TOPICAL TERM
Topical term or geographic name entry element Library architecture

No items available.